000 00293nam a2200133Ia 4500
100 _aHegde/N.G./ Abhyankar
650 _aGeneral
942 _cRB
654 _aGreening
245 _aThe Greening Of Wastelands
260 _bBharatiya Agro.
_aPune
_c1986
300 _a204
546 _aENGLISH
999 _c23687
_d23687